[Event "Rapid Tournament (RAP)"]
[Site "Biel, CH"]
[Date "2025.07.13"]
[Round "6"]
[White "Ranieri, Pierpaolo"]
[Black "Drechsler, Christoph"]
[Result "0-1"]
[Board "23"]
[WhiteFideId "893986"]
[BlackFideId "1305280"]
[WhiteElo "1882"]
[BlackElo "2067"]
[WhiteTeam "ITA"]
[BlackTeam "SUI"]
[WhiteClock "0:06:30"]
[BlackClock "0:09:15"]
[Variant "Standard"]

1. d4 {[%clk 0:14:19]}  d5 {[%clk 0:15:09]} 2. c4 {[%clk 0:14:22]}  e6 {[%clk 0:15:13]} 3. Nf3 {[%clk 0:14:26]}  Nf6 {[%clk 0:15:17]} 4. Nc3 {[%clk 0:14:30]}  a6 {[%clk 0:15:21]} 5. c5 {[%clk 0:14:28]}  b6 {[%clk 0:15:20]} 6. cxb6 {[%clk 0:14:31]}  c5 {[%clk 0:15:23]} 7. Bf4 {[%clk 0:14:20]}  Bd6 {[%clk 0:15:26]} 8. Bxd6 {[%clk 0:14:12]}  Qxd6 {[%clk 0:15:30]} 9. e3 {[%clk 0:14:03]}  Nbd7 {[%clk 0:14:53]} 10. dxc5 {[%clk 0:13:13]}  Qxc5 {[%clk 0:14:56]} 11. Rc1 {[%clk 0:12:46]}  Qxb6 {[%clk 0:14:57]} 12. Qd2 {[%clk 0:12:38]}  Nc5 {[%clk 0:14:34]} 13. Be2 {[%clk 0:12:21]}  Nce4 {[%clk 0:13:50]} 14. Nxe4 {[%clk 0:11:51]}  Nxe4 {[%clk 0:13:44]} 15. Qd4 {[%clk 0:11:15]}  Qxd4 {[%clk 0:13:19]} 16. Nxd4 {[%clk 0:11:16]}  Bd7 {[%clk 0:12:19]} 17. f3 {[%clk 0:10:47]}  Nd6 {[%clk 0:12:19]} 18. Kd2 {[%clk 0:09:28]}  Bb5 {[%clk 0:11:33]} 19. Nxb5 {[%clk 0:09:57]}  axb5 {[%clk 0:11:35]} 20. a3 {[%clk 0:09:35]}  Nc4+ {[%clk 0:11:33]} 21. Bxc4 {[%clk 0:09:34]}  bxc4 {[%clk 0:11:37]} 22. e4 {[%clk 0:09:29]}  O-O {[%clk 0:11:26]} 23. exd5 {[%clk 0:09:18]}  exd5 {[%clk 0:11:30]} 24. Rhe1 {[%clk 0:08:25]}  Rab8 {[%clk 0:11:33]} 25. Kc2 {[%clk 0:08:19]}  Rb3 {[%clk 0:11:26]} 26. Rcd1 {[%clk 0:08:03]}  Rfb8 {[%clk 0:11:23]} 27. Rxd5 {[%clk 0:07:10]}  Rxb2+ {[%clk 0:11:26]} 28. Kc3 {[%clk 0:07:13]}  Rxg2 {[%clk 0:11:29]} 29. Kxc4 {[%clk 0:06:58]}  Rxh2 {[%clk 0:11:17]} 30. Red1 {[%clk 0:06:45]}  g6 {[%clk 0:11:13]} 31. Rd8+ {[%clk 0:06:38]}  Rxd8 {[%clk 0:11:17]} 32. Rxd8+ {[%clk 0:06:41]}  Kg7 {[%clk 0:11:21]} 33. a4 {[%clk 0:06:45]}  Ra2 {[%clk 0:11:01]} 34. Kb3 {[%clk 0:06:41]}  Ra1 {[%clk 0:11:05]} 35. Rd4 {[%clk 0:06:35]}  Rb1+ {[%clk 0:10:50]} 36. Kc2 {[%clk 0:06:33]}  Rb6 {[%clk 0:10:47]} 37. a5 {[%clk 0:06:33]}  Ra6 {[%clk 0:10:51]} 38. Ra4 {[%clk 0:06:37]}  g5 {[%clk 0:10:45]} 39. Kc3 {[%clk 0:06:38]}  h5 {[%clk 0:10:31]} 40. Kb4 {[%clk 0:06:42]}  h4 {[%clk 0:10:33]} 41. Kb5 {[%clk 0:06:46]}  Ra8 {[%clk 0:10:37]} 42. a6 {[%clk 0:06:43]}  h3 {[%clk 0:10:16]} 43. a7 {[%clk 0:06:43]}  h2 {[%clk 0:10:16]} 44. Ra1 {[%clk 0:06:43]}  Rxa7 {[%clk 0:10:12]} 45. Rh1 {[%clk 0:06:45]}  Ra2 {[%clk 0:09:59]} 46. Kc4 {[%clk 0:06:43]}  Rf2 {[%clk 0:09:57]} 47. Kd4 {[%clk 0:06:44]}  Rxf3 {[%clk 0:10:00]} 48. Rxh2 {[%clk 0:06:47]}  f5 {[%clk 0:09:31]} 49. Ke5 {[%clk 0:06:40]}  g4 {[%clk 0:09:22]} 50. Rg2 {[%clk 0:06:26]}  Kg6 {[%clk 0:09:23]} 51. Rg1 {[%clk 0:06:26]}  Kg5 {[%clk 0:09:25]} 52. Rh1 {[%clk 0:06:26]}  Re3+ {[%clk 0:09:07]} 53. Kd4 {[%clk 0:06:26]}  Re8 {[%clk 0:09:09]} 54. Kd3 {[%clk 0:06:28]}  g3 {[%clk 0:09:11]} 55. Rh7 {[%clk 0:06:26]}  f4 {[%clk 0:09:05]} 56. Rg7+ {[%clk 0:06:29]}  Kh4 {[%clk 0:09:09]} 57. Rh7+ {[%clk 0:06:30]}  Kg4 {[%clk 0:09:12]} 58. Rg7+ {[%clk 0:06:30]}  Kf3 {[%clk 0:09:15]} 0-1

[Event "Rapid Tournament (RAP)"]
[Site "Biel, CH"]
[Date "2025.07.13"]
[Round "6"]
[White "Schweizer, Samuel"]
[Black "Jordan, Theodor"]
[Result "1-0"]
[Board "24"]
[WhiteFideId "1325353"]
[BlackFideId "1353152"]
[WhiteElo "2061"]
[BlackElo "1894"]
[WhiteTeam "JPN"]
[BlackTeam "SUI"]
[WhiteClock "0:13:20"]
[BlackClock "0:02:18"]
[Variant "Standard"]

1. e4 {[%clk 0:15:04]}  c6 {[%clk 0:15:09]} 2. Ne2 {[%clk 0:15:06]}  d5 {[%clk 0:15:13]} 3. e5 {[%clk 0:15:09]}  e6 {[%clk 0:15:07]} 4. d4 {[%clk 0:15:09]}  c5 {[%clk 0:15:11]} 5. c3 {[%clk 0:15:12]}  Nc6 {[%clk 0:15:15]} 6. Be3 {[%clk 0:15:11]}  cxd4 {[%clk 0:15:17]} 7. cxd4 {[%clk 0:15:07]}  Bd7 {[%clk 0:15:06]} 8. Nbc3 {[%clk 0:15:09]}  a6 {[%clk 0:15:10]} 9. Nf4 {[%clk 0:15:10]}  Rc8 {[%clk 0:15:02]} 10. Rc1 {[%clk 0:15:12]}  Nge7 {[%clk 0:15:05]} 11. Bd3 {[%clk 0:15:15]}  b5 {[%clk 0:14:35]} 12. Bb1 {[%clk 0:15:07]}  Na5 {[%clk 0:14:17]} 13. b3 {[%clk 0:14:57]}  b4 {[%clk 0:13:42]} 14. Nce2 {[%clk 0:14:58]}  Rxc1 {[%clk 0:13:35]} 15. Bxc1 {[%clk 0:15:00]}  Bb5 {[%clk 0:13:15]} 16. O-O {[%clk 0:15:02]}  Ng6 {[%clk 0:12:48]} 17. Re1 {[%clk 0:14:37]}  Bxe2 {[%clk 0:11:41]} 18. Qxe2 {[%clk 0:14:36]}  Nxf4 {[%clk 0:11:14]} 19. Bxf4 {[%clk 0:14:39]}  Qb6 {[%clk 0:10:57]} 20. Qc2 {[%clk 0:14:31]}  Qc6 {[%clk 0:10:23]} 21. Qd2 {[%clk 0:14:11]}  Kd7 {[%clk 0:09:19]} 22. Rc1 {[%clk 0:14:14]}  Qb6 {[%clk 0:09:08]} 23. Be3 {[%clk 0:14:06]}  Be7 {[%clk 0:08:51]} 24. Bd3 {[%clk 0:13:55]}  Nc6 {[%clk 0:08:23]} 25. Bf1 {[%clk 0:13:56]}  Ra8 {[%clk 0:07:50]} 26. Qd3 {[%clk 0:13:36]}  g6 {[%clk 0:07:34]} 27. g4 {[%clk 0:13:35]}  a5 {[%clk 0:06:46]} 28. Qb5 {[%clk 0:13:36]}  Qxb5 {[%clk 0:06:44]} 29. Bxb5 {[%clk 0:13:39]}  Rc8 {[%clk 0:06:48]} 30. f4 {[%clk 0:13:29]}  Bd8 {[%clk 0:06:31]} 31. Kg2 {[%clk 0:13:31]}  Be7 {[%clk 0:05:53]} 32. Kf3 {[%clk 0:13:33]}  h5 {[%clk 0:05:25]} 33. h3 {[%clk 0:13:34]}  hxg4+ {[%clk 0:04:32]} 34. hxg4 {[%clk 0:13:36]}  Bd8 {[%clk 0:04:24]} 35. f5 {[%clk 0:13:39]}  gxf5 {[%clk 0:03:39]} 36. gxf5 {[%clk 0:13:42]}  Be7 {[%clk 0:02:56]} 37. Kf4 {[%clk 0:13:42]}  Bd8 {[%clk 0:02:26]} 38. Kg4 {[%clk 0:13:38]}  Be7 {[%clk 0:02:19]} 39. fxe6+ {[%clk 0:13:29]}  fxe6 {[%clk 0:02:20]} 40. Kh5 {[%clk 0:13:23]}  Rh8+ {[%clk 0:02:07]} 41. Kg6 {[%clk 0:13:25]}  Rg8+ {[%clk 0:02:08]} 42. Kf7 {[%clk 0:13:29]}  Rf8 {[%clk 0:02:12]} 43. Kg7 {[%clk 0:13:32]}  Rc8 {[%clk 0:02:17]} 44. Rxc6 {[%clk 0:13:23]}  Rxc6 {[%clk 0:02:18]} 45. Kf7 {[%clk 0:13:20]} 1-0

[Event "Rapid Tournament (RAP)"]
[Site "Biel, CH"]
[Date "2025.07.13"]
[Round "6"]
[White "Hornung, Hans, Dr."]
[Black "Lang, Fabian"]
[Result "1-0"]
[Board "25"]
[WhiteFideId "4615140"]
[BlackFideId "1310160"]
[WhiteElo "2052"]
[BlackElo "1892"]
[WhiteTeam "GER"]
[BlackTeam "SUI"]
[WhiteClock "0:01:24"]
[BlackClock "0:00:14"]
[Variant "Standard"]

1. Nf3 {[%clk 0:15:08]}  d5 {[%clk 0:13:47]} 2. e3 {[%clk 0:15:11]}  Nf6 {[%clk 0:13:46]} 3. c4 {[%clk 0:15:12]}  c6 {[%clk 0:13:43]} 4. d4 {[%clk 0:15:15]}  Bf5 {[%clk 0:13:45]} 5. Nc3 {[%clk 0:15:18]}  e6 {[%clk 0:13:48]} 6. Nh4 {[%clk 0:15:21]}  Be4 {[%clk 0:13:28]} 7. f3 {[%clk 0:15:18]}  Bg6 {[%clk 0:13:32]} 8. Qb3 {[%clk 0:14:57]}  Qb6 {[%clk 0:13:18]} 9. Nxg6 {[%clk 0:14:45]}  hxg6 {[%clk 0:13:16]} 10. Bd2 {[%clk 0:14:34]}  Nbd7 {[%clk 0:13:08]} 11. O-O-O {[%clk 0:13:55]}  Be7 {[%clk 0:10:48]} 12. h4 {[%clk 0:13:03]}  g5 {[%clk 0:08:25]} 13. e4 {[%clk 0:12:01]}  dxe4 {[%clk 0:07:28]} 14. Bxg5 {[%clk 0:11:52]}  exf3 {[%clk 0:07:06]} 15. Qc2 {[%clk 0:11:11]}  Nh5 {[%clk 0:05:17]} 16. Bxe7 {[%clk 0:10:50]}  Kxe7 {[%clk 0:05:19]} 17. Rh3 {[%clk 0:08:19]}  Ndf6 {[%clk 0:04:00]} 18. gxf3 {[%clk 0:08:07]}  Nf4 {[%clk 0:03:38]} 19. Rh2 {[%clk 0:07:42]}  Rh5 {[%clk 0:03:36]} 20. Qd2 {[%clk 0:07:19]}  Qc7 {[%clk 0:03:26]} 21. Ne4 {[%clk 0:05:41]}  Rah8 {[%clk 0:03:02]} 22. Qb4+ {[%clk 0:05:11]}  Kd8 {[%clk 0:01:47]} 23. Nd6 {[%clk 0:04:36]}  b6 {[%clk 0:01:40]} 24. Nxf7+ {[%clk 0:04:01]}  Qxf7 {[%clk 0:01:10]} 25. Qd6+ {[%clk 0:04:05]}  Nd7 {[%clk 0:01:15]} 26. Qxc6 {[%clk 0:03:43]}  Qf5 {[%clk 0:00:42]} 27. d5 {[%clk 0:02:36]}  exd5 {[%clk 0:00:36]} 28. cxd5 {[%clk 0:02:24]}  Nxd5 {[%clk 0:00:09]} 29. Rhd2 {[%clk 0:01:59]}  N5f6 {[%clk 0:00:17]} 30. Bb5 {[%clk 0:01:46]}  Qxb5 {[%clk 0:00:19]} 31. Rxd7+ {[%clk 0:01:35]}  Nxd7 {[%clk 0:00:07]} 32. Rxd7+ {[%clk 0:01:34]}  Ke8 {[%clk 0:00:10]} 33. Qe6+ {[%clk 0:01:24]}  Kf8 {[%clk 0:00:14]} 34. Qf7# {[%clk 0:01:24]} 1-0

[Event "Rapid Tournament (RAP)"]
[Site "Biel, CH"]
[Date "2025.07.13"]
[Round "6"]
[White "Chen, Zhi"]
[Black "Aryan Goyal"]
[Result "1-0"]
[Board "26"]
[WhiteFideId "8619549"]
[BlackFideId "366108825"]
[WhiteElo "2027"]
[BlackElo "1884"]
[WhiteTeam "CHN"]
[BlackTeam "IND"]
[WhiteClock "0:00:40"]
[BlackClock "0:00:07"]
[Variant "Standard"]

1. b4 {[%clk 0:14:46]}  Nf6 {[%clk 0:14:54]} 2. Bb2 {[%clk 0:14:49]}  e6 {[%clk 0:14:57]} 3. a3 {[%clk 0:14:52]}  Be7 {[%clk 0:15:00]} 4. Nf3 {[%clk 0:14:50]}  O-O {[%clk 0:14:59]} 5. Rg1 {[%clk 0:14:51]}  a5 {[%clk 0:14:43]} 6. b5 {[%clk 0:14:23]}  d5 {[%clk 0:14:40]} 7. g4 {[%clk 0:14:23]}  Ne4 {[%clk 0:14:17]} 8. d3 {[%clk 0:14:18]}  Nd6 {[%clk 0:14:18]} 9. a4 {[%clk 0:14:19]}  Bf6 {[%clk 0:14:14]} 10. Qc1 {[%clk 0:14:22]}  Bxb2 {[%clk 0:13:57]} 11. Qxb2 {[%clk 0:14:26]}  Nd7 {[%clk 0:13:46]} 12. h4 {[%clk 0:14:23]}  c6 {[%clk 0:13:33]} 13. Na3 {[%clk 0:14:17]}  Qf6 {[%clk 0:13:29]} 14. Qxf6 {[%clk 0:14:11]}  Nxf6 {[%clk 0:13:28]} 15. g5 {[%clk 0:14:07]}  Nd7 {[%clk 0:13:22]} 16. h5 {[%clk 0:14:03]}  Re8 {[%clk 0:12:45]} 17. g6 {[%clk 0:14:01]}  fxg6 {[%clk 0:12:31]} 18. hxg6 {[%clk 0:14:04]}  h6 {[%clk 0:12:34]} 19. Bh3 {[%clk 0:14:02]}  e5 {[%clk 0:09:20]} 20. d4 {[%clk 0:11:03]}  e4 {[%clk 0:11:30]} 21. Bxd7 {[%clk 0:10:58]}  Bxd7 {[%clk 0:11:27]} 22. Ne5 {[%clk 0:11:01]}  Red8 {[%clk 0:11:04]} 23. Rb1 {[%clk 0:10:01]}  cxb5 {[%clk 0:10:02]} 24. Nxd7 {[%clk 0:09:07]}  Rxd7 {[%clk 0:10:06]} 25. Nxb5 {[%clk 0:09:05]}  Nxb5 {[%clk 0:09:56]} 26. Rxb5 {[%clk 0:09:03]}  Ra6 {[%clk 0:09:16]} 27. Kd2 {[%clk 0:08:58]}  Kf8 {[%clk 0:08:26]} 28. Ke3 {[%clk 0:08:38]}  Ke7 {[%clk 0:08:14]} 29. Rgb1 {[%clk 0:05:46]}  Rxg6 {[%clk 0:05:48]} 30. Rxb7 {[%clk 0:05:49]}  Rgd6 {[%clk 0:05:29]} 31. Rxd7+ {[%clk 0:05:46]}  Rxd7 {[%clk 0:05:30]} 32. Rb5 {[%clk 0:05:45]}  g5 {[%clk 0:05:16]} 33. Rxa5 {[%clk 0:05:44]}  h5 {[%clk 0:04:39]} 34. Ra8 {[%clk 0:05:13]}  h4 {[%clk 0:04:18]} 35. a5 {[%clk 0:05:05]}  Kf6 {[%clk 0:03:43]} 36. a6 {[%clk 0:04:56]}  h3 {[%clk 0:03:00]} 37. a7 {[%clk 0:04:24]}  Rf7 {[%clk 0:02:36]} 38. f4 {[%clk 0:02:04]}  h2 {[%clk 0:00:37]} 39. fxg5+ {[%clk 0:01:24]}  Kf5 {[%clk 0:00:40]} 40. Rh8 {[%clk 0:01:18]}  Rxa7 {[%clk 0:00:40]} 41. Rxh2 {[%clk 0:01:03]}  Ra3+ {[%clk 0:00:36]} 42. Kd2 {[%clk 0:00:50]}  Kxg5 {[%clk 0:00:22]} 43. e3 {[%clk 0:00:35]}  Kf5 {[%clk 0:00:12]} 44. Rh6 {[%clk 0:00:22]}  Ra4 {[%clk 0:00:07]} 45. Rd6 {[%clk 0:00:08]}  Ra5 {[%clk 0:00:09]} 46. Rd8 {[%clk 0:00:07]}  Ke6 {[%clk 0:00:11]} 47. Rc8 {[%clk 0:00:08]}  Ra4 {[%clk 0:00:09]} 48. Rc6+ {[%clk 0:00:07]}  Kd7 {[%clk 0:00:12]} 49. Rh6 {[%clk 0:00:07]}  Rc4 {[%clk 0:00:14]} 50. c3 {[%clk 0:00:08]}  Kc7 {[%clk 0:00:17]} 51. Kc2 {[%clk 0:00:11]}  Kd7 {[%clk 0:00:20]} 52. Kb3 {[%clk 0:00:13]}  Kc7 {[%clk 0:00:23]} 53. Re6 {[%clk 0:00:10]}  Kd7 {[%clk 0:00:24]} 54. Rxe4 {[%clk 0:00:09]}  Rc6 {[%clk 0:00:09]} 55. Re5 {[%clk 0:00:13]}  Rb6+ {[%clk 0:00:12]} 56. Kc2 {[%clk 0:00:16]}  Kd6 {[%clk 0:00:15]} 57. e4 {[%clk 0:00:15]}  dxe4 {[%clk 0:00:17]} 58. Rxe4 {[%clk 0:00:19]}  Kd5 {[%clk 0:00:19]} 59. Kd3 {[%clk 0:00:21]}  Rb1 {[%clk 0:00:19]} 60. Re5+ {[%clk 0:00:23]}  Kd6 {[%clk 0:00:22]} 61. Rh5 {[%clk 0:00:26]}  Rc1 {[%clk 0:00:09]} 62. Kc4 {[%clk 0:00:27]}  Ra1 {[%clk 0:00:10]} 63. Rh6+ {[%clk 0:00:29]}  Ke7 {[%clk 0:00:13]} 64. Kd5 {[%clk 0:00:28]}  Ra5+ {[%clk 0:00:16]} 65. Ke4 {[%clk 0:00:31]}  Ra4 {[%clk 0:00:12]} 66. Ke5 {[%clk 0:00:33]}  Ra5+ {[%clk 0:00:12]} 67. d5 {[%clk 0:00:36]}  Ra1 {[%clk 0:00:15]} 68. Rh7+ {[%clk 0:00:37]}  Ke8 {[%clk 0:00:16]} 69. c4 {[%clk 0:00:36]}  Rc1 {[%clk 0:00:09]} 70. Ke6 {[%clk 0:00:38]}  Re1+ {[%clk 0:00:12]} 71. Kd6 {[%clk 0:00:41]}  Re2 {[%clk 0:00:08]} 72. c5 {[%clk 0:00:43]}  Rd2 {[%clk 0:00:08]} 73. c6 {[%clk 0:00:43]}  Rg2 {[%clk 0:00:09]} 74. Rh8+ {[%clk 0:00:41]}  Kf7 {[%clk 0:00:13]} 75. c7 {[%clk 0:00:44]}  Rg7 {[%clk 0:00:07]} 76. c8=Q {[%clk 0:00:40]} 1-0

[Event "Rapid Tournament (RAP)"]
[Site "Biel, CH"]
[Date "2025.07.13"]
[Round "6"]
[White "He, Junchen"]
[Black "Shumilov, Ruslan"]
[Result "1-0"]
[Board "27"]
[WhiteFideId "8642427"]
[BlackFideId "1360183"]
[WhiteElo "2007"]
[BlackElo "1839"]
[WhiteTeam "CHN"]
[BlackTeam "SUI"]
[WhiteClock "0:03:17"]
[BlackClock "0:00:18"]
[Variant "Standard"]

1. Nf3 {[%clk 0:15:08]}  Nf6 {[%clk 0:15:03]} 2. b3 {[%clk 0:15:10]}  b6 {[%clk 0:14:52]} 3. Bb2 {[%clk 0:15:14]}  Bb7 {[%clk 0:14:54]} 4. g3 {[%clk 0:14:42]}  c5 {[%clk 0:14:52]} 5. Bg2 {[%clk 0:14:22]}  d5 {[%clk 0:14:50]} 6. O-O {[%clk 0:14:41]}  Nbd7 {[%clk 0:14:21]} 7. e3 {[%clk 0:13:19]}  Qc7 {[%clk 0:13:48]} 8. d4 {[%clk 0:14:12]}  e6 {[%clk 0:12:53]} 9. Nbd2 {[%clk 0:13:23]}  c4 {[%clk 0:11:58]} 10. c3 {[%clk 0:12:44]}  Be7 {[%clk 0:11:43]} 11. Qc2 {[%clk 0:12:09]}  b5 {[%clk 0:10:57]} 12. a4 {[%clk 0:10:58]}  a6 {[%clk 0:09:41]} 13. axb5 {[%clk 0:09:23]}  axb5 {[%clk 0:09:33]} 14. bxc4 {[%clk 0:07:55]}  bxc4 {[%clk 0:09:31]} 15. Rxa8+ {[%clk 0:07:53]}  Bxa8 {[%clk 0:07:29]} 16. Ra1 {[%clk 0:07:47]}  O-O {[%clk 0:07:24]} 17. Ba3 {[%clk 0:07:11]}  Bxa3 {[%clk 0:06:53]} 18. Rxa3 {[%clk 0:06:58]}  Qd6 {[%clk 0:06:42]} 19. Qa2 {[%clk 0:06:02]}  Bc6 {[%clk 0:06:41]} 20. Ne1 {[%clk 0:05:46]}  e5 {[%clk 0:06:40]} 21. Nc2 {[%clk 0:05:36]}  e4 {[%clk 0:05:43]} 22. Nb4 {[%clk 0:05:00]}  Nb8 {[%clk 0:04:04]} 23. Ra7 {[%clk 0:04:06]}  h5 {[%clk 0:03:47]} 24. Qa5 {[%clk 0:02:43]}  h4 {[%clk 0:03:40]} 25. Bh3 {[%clk 0:09:22]}  hxg3 {[%clk 0:03:00]} 26. hxg3 {[%clk 0:09:26]}  Nh5 {[%clk 0:02:36]} 27. Qc7 {[%clk 0:09:24]}  Qg6 {[%clk 0:02:05]} 28. Kh2 {[%clk 0:09:14]}  f5 {[%clk 0:02:05]} 29. Ra5 {[%clk 0:08:28]}  f4 {[%clk 0:01:49]} 30. gxf4 {[%clk 0:07:30]}  Nxf4 {[%clk 0:01:15]} 31. exf4 {[%clk 0:07:48]}  Qh6 {[%clk 0:00:39]} 32. Nxc6 {[%clk 0:05:24]}  Nxc6 {[%clk 0:00:30]} 33. Rxd5 {[%clk 0:04:26]}  Rxf4 {[%clk 0:00:23]} 34. Qc8+ {[%clk 0:04:23]}  Kh7 {[%clk 0:00:23]} 35. Nxe4 {[%clk 0:03:32]}  Ne7 {[%clk 0:00:14]} 36. Ng5+ {[%clk 0:03:02]}  Qxg5 {[%clk 0:00:16]} 37. Rxg5 {[%clk 0:03:06]}  Nxc8 {[%clk 0:00:17]} 38. Bxc8 {[%clk 0:03:10]}  Rxf2+ {[%clk 0:00:19]} 39. Kg3 {[%clk 0:03:13]}  Rc2 {[%clk 0:00:18]} 40. Bf5+ {[%clk 0:03:17]} 1-0

[Event "Rapid Tournament (RAP)"]
[Site "Biel, CH"]
[Date "2025.07.13"]
[Round "6"]
[White "Klopfenstein, Francois"]
[Black "Tkhoruk, Roman"]
[Result "0-1"]
[Board "28"]
[WhiteFideId "1303040"]
[BlackFideId "34161589"]
[WhiteElo "1835"]
[BlackElo "2004"]
[WhiteTeam "SUI"]
[BlackTeam "SUI"]
[WhiteClock "0:00:37"]
[BlackClock "0:07:56"]
[Variant "Standard"]

1. e4 {[%clk 0:15:08]}  c6 {[%clk 0:15:05]} 2. d4 {[%clk 0:15:04]}  d5 {[%clk 0:15:13]} 3. f3 {[%clk 0:14:27]}  dxe4 {[%clk 0:14:41]} 4. fxe4 {[%clk 0:15:10]}  e5 {[%clk 0:14:39]} 5. Nf3 {[%clk 0:14:50]}  Bg4 {[%clk 0:14:07]} 6. Bc4 {[%clk 0:14:35]}  Bxf3 {[%clk 0:13:38]} 7. Qxf3 {[%clk 0:14:11]}  Nf6 {[%clk 0:11:30]} 8. dxe5 {[%clk 0:12:08]}  Qa5+ {[%clk 0:10:14]} 9. Nc3 {[%clk 0:11:35]}  Qxe5 {[%clk 0:13:29]} 10. Bb3 {[%clk 0:09:17]}  Bb4 {[%clk 0:12:17]} 11. O-O {[%clk 0:07:18]}  Bxc3 {[%clk 0:13:04]} 12. bxc3 {[%clk 0:06:47]}  O-O {[%clk 0:12:18]} 13. Ba3 {[%clk 0:04:56]}  Re8 {[%clk 0:12:00]} 14. Rae1 {[%clk 0:04:59]}  a5 {[%clk 0:11:52]} 15. Bc4 {[%clk 0:03:58]}  b5 {[%clk 0:11:40]} 16. Bd3 {[%clk 0:04:01]}  Nbd7 {[%clk 0:10:51]} 17. Qh3 {[%clk 0:03:08]}  h6 {[%clk 0:10:50]} 18. Bb2 {[%clk 0:02:53]}  Qc5+ {[%clk 0:10:05]} 19. Kh1 {[%clk 0:02:55]}  Re5 {[%clk 0:08:43]} 20. Rf5 {[%clk 0:01:32]}  Rae8 {[%clk 0:08:11]} 21. Qf3 {[%clk 0:01:01]}  Rxf5 {[%clk 0:07:49]} 22. Qxf5 {[%clk 0:00:37]}  Qxf5 {[%clk 0:07:56]} 0-1

[Event "Rapid Tournament (RAP)"]
[Site "Biel, CH"]
[Date "2025.07.13"]
[Round "6"]
[White "Berger, Vincent"]
[Black "Ding, Shirui"]
[Result "0-1"]
[Board "29"]
[WhiteFideId "1317822"]
[BlackFideId "8618445"]
[WhiteElo "2002"]
[BlackElo "1829"]
[WhiteTeam "SUI"]
[BlackTeam "CHN"]
[WhiteClock "0:02:49"]
[BlackClock "0:02:23"]
[Variant "Standard"]

1. g4 {[%clk 0:15:07]}  d5 {[%clk 0:15:07]} 2. Bg2 {[%clk 0:15:11]}  Bxg4 {[%clk 0:14:40]} 3. c4 {[%clk 0:15:14]}  c6 {[%clk 0:13:54]} 4. cxd5 {[%clk 0:14:39]}  cxd5 {[%clk 0:13:21]} 5. Qb3 {[%clk 0:14:42]}  Nc6 {[%clk 0:10:21]} 6. Qxb7 {[%clk 0:12:21]}  Rc8 {[%clk 0:08:11]} 7. Nc3 {[%clk 0:10:49]}  e6 {[%clk 0:07:24]} 8. d3 {[%clk 0:10:00]}  Nd4 {[%clk 0:06:46]} 9. Kd1 {[%clk 0:07:53]}  Bc5 {[%clk 0:05:53]} 10. Bf4 {[%clk 0:07:11]}  Ne7 {[%clk 0:05:16]} 11. h3 {[%clk 0:07:07]}  Bh5 {[%clk 0:05:13]} 12. Kd2 {[%clk 0:07:06]}  O-O {[%clk 0:03:56]} 13. e3 {[%clk 0:07:02]}  Ndc6 {[%clk 0:03:47]} 14. Nf3 {[%clk 0:05:13]}  Bxf3 {[%clk 0:03:04]} 15. Bxf3 {[%clk 0:05:15]}  e5 {[%clk 0:03:07]} 16. Bh2 {[%clk 0:04:43]}  Rb8 {[%clk 0:03:07]} 17. Qa6 {[%clk 0:04:28]}  Rxb2+ {[%clk 0:03:07]} 18. Ke1 {[%clk 0:04:04]}  Nb4 {[%clk 0:02:56]} 19. Qa4 {[%clk 0:03:47]}  Nxd3+ {[%clk 0:02:31]} 20. Kd1 {[%clk 0:03:18]}  Nxf2+ {[%clk 0:02:22]} 21. Kc1 {[%clk 0:02:49]}  Qb6 {[%clk 0:02:23]} 0-1